000 00598nam a2200205Ia 4500
003 GCL
008 140319s9999 xx 000 0 eng d
040 _aGCL /
_cGCL
082 0 4 _a751.4224
_bL L
100 1 _aLEONHAARD, ANGELIKA
245 1 0 _aLEARN FROM THE MASTERS: CREAT YOUR OUN WATERCOLOURS IN STYLE OF J.M.W TURNER /
_cLEONHAARD, ANGELIKA
260 _a[S.N] :
_bSEARCH PRESS ،
_c1992
300 _a80
490 _aLEARN FROM THE MASRERS CREATE YOUR OWN WATERCOLOUS
_v0
650 0 4 _aDRAWINGS
650 0 4 _aARTS
650 0 4 _aCOLOURS
650 0 4 _aWATER COLOURS
942 _2ddc
_cBK
999 _c17213
_d17213